| 000 | 02047nam0a2200325 4500 | ||
|---|---|---|---|
| 001 | RU\NLR\bibl\1769228 | ||
| 005 | 20250616131007.0 | ||
| 010 |
_a978-5-9386-0120-9 _9500 |
||
| 021 |
_aRU _b2011-29597 _92100 |
||
| 035 | _a(NLR Aleph) 001760012 | ||
| 090 |
_a1572381 _c1572381 |
||
| 100 | _a20110516d2011 |||y0rusy50 ca | ||
| 101 | 0 | _arus | |
| 102 | _aRU | ||
| 105 | _aa ||||||||| | ||
| 200 | 1 |
_aАдминистративные регламенты в деятельности органов исполнительной власти и органов местного самоупраления Российской Федерации _eмонография _fБаркатунов В.Ф., Дремова Л.А., Левченко В.А. _gМ-во образования и науки Рос. Федерации, Гос. образоват. учреждение высш. проф. образования - Всерос. заоч. финансово-экон. ун-т, Фил. в г. Курске, Обществ. палата Кур. обл. |
|
| 210 |
_aКурск _cИзд-во Курского государственного университета _d2011 |
||
| 215 |
_a579 с. _cил. _d21 |
||
| 300 | _aВ вып. дан. авт.: Баркатунов В.Ф., к. социол. н., доц., Дремова Л.А., к.э.н., проф., Левченко В.А., д.э.н., проф. | ||
| 320 | _aБиблиогр.: с. 310-326 и в подстроч. примеч. | ||
| 606 | 1 |
_aАдминистративные регламенты _yРоссийская Федерация _92498324 _3RU\NLR\auth\661481937 |
|
| 686 | _aХ621.011-8 | ||
| 700 | 1 |
_aБаркатунов _bВ. Ф. _gВладимир Феоктистович _4070 |
|
| 701 | 1 |
_aДремова _bЛ. А. _gЛюдмила Алексеевна _4070 |
|
| 701 | 1 |
_aЛевченко _bВ. А. _gВалерий Алексеевич _4070 |
|
| 801 | 0 |
_aRU _bNLR _c20110516 _gRCR |
|
| 801 | 1 |
_aRU _bNLR _c20110516 |
|
| 942 | _cBOOK | ||
| 980 | _aNB | ||